| Tag |
First Indicator |
Second Indicator |
Subfields |
| LEADER |
00000cam a2200000 a 4500 |
| 001 |
in00000023903 |
| 005 |
20151007055552.0 |
| 008 |
870709s1988 ilu b 00110 eng |
| 010 |
|
|
|a 87019069
|
| 020 |
|
|
|a 0226317064 :
|c $40.00
|
| 020 |
|
|
|a 0226317072 (pbk.) :
|c $14.95
|
| 035 |
|
|
|a (OCoLC)16278108
|
| 035 |
|
|
|9 AAB8603AM
|
| 040 |
|
|
|a DLC
|c DLC
|d TXA
|d UtOrBLW
|
| 043 |
|
|
|a a-ja---
|
| 049 |
|
|
|a TXAM
|c [A11505191]
|
| 050 |
0 |
0 |
|a DS822.2
|b .H313 1988
|
| 082 |
0 |
|
|a 001.1/0952
|2 19
|
| 100 |
1 |
|
|a Harootunian, Harry D.,
|d 1929-
|
| 245 |
1 |
0 |
|a Things seen and unseen :
|b discourse and idealogy in Tokugawa nativism /
|c H.D. Harootunian.
|
| 264 |
|
1 |
|a Chicago :
|b University of Chicago Press,
|c 1988.
|
| 300 |
|
|
|a xii, 494 pages ;
|c 24 cm.
|
| 336 |
|
|
|a text
|b txt
|2 rdacontent
|
| 337 |
|
|
|a unmediated
|b n
|2 rdamedia
|
| 338 |
|
|
|a volume
|b nc
|2 rdacarrier
|
| 504 |
|
|
|a Bibliography: pages 441-460.
|
| 500 |
|
|
|a Includes index.
|
| 651 |
|
0 |
|a Japan
|x Intellectual life
|y 1600-1868.
|
| 650 |
|
0 |
|a Kokugaku.
|
| 999 |
|
|
|a MARS
|
| 999 |
f |
f |
|s 5b830083-04da-3689-ac48-ab1c578e7ae5
|i bb30e1fa-585b-3b2d-829b-8b6b7768490f
|t 0
|
| 952 |
f |
f |
|p ric
|a Texas A&M University
|b Rellis Campus
|c Joint Library Facility
|d Remote Storage
|t 0
|e DS822.2 .H313 1988
|h Library of Congress classification
|i unmediated -- volume
|m A14811505191
|
| 998 |
f |
f |
|a DS822.2 .H313 1988
|t 0
|l Remote Storage
|